| 000 | 00635nam a2200205 4500 | ||
|---|---|---|---|
| 001 | 116352 | ||
| 003 | ES-MaACL | ||
| 005 | 20230906190705.0 | ||
| 007 | t| | ||
| 008 | 061121s1931 fr r ||||1| fre d | ||
| 100 | 1 |
_aOssip-Lourié ( _d1868-1955) _987790 |
|
| 245 | 1 | 3 |
_aLa philosophie de Tolstoi _b: su vie de ses pensës / _cpar Ossip-Louriè. |
| 250 | _a5ª. ed. | ||
| 260 |
_aParis : _bFélix Alcan, _c1931. |
||
| 300 |
_aVII, 176 p. ; _c19 cm. |
||
| 490 | 1 | _aBiblioteque de philosophie contemporaine | |
| 830 | 0 |
_aBiblioteque de philosophie contemporaine _9186365 |
|
| 852 |
_aES-MaACL _jB-12365 |
||
| 999 |
_c116352 _d116352 |
||